| 000 | 00775 a2200157 4500 | ||
|---|---|---|---|
| 020 | _a0074622323 (hardcover) | ||
| 020 | _a9780074622322 (hardcover) | ||
| 090 |
_c4321 _d4321 |
||
| 100 | 1 | _aMahesh, V. S. | |
| 245 | 1 | 0 |
_aThresholds of motivation : _bnurturing human growth in the organization / _cV. S. Mahesh. |
| 260 |
_a[S.l.] : _bMcgraw-Hill, _c1994. |
||
| 300 |
_a292 p. ; _c24 cm. |
||
| 520 | _aThe human wisdom of the East meets the corporate savvy of the West in this thought-provoking book. Through a user-friendly model of motivation, V.S. Mahesh shows how businesses can achieve greater success by nurturing self-actualization among workers. | ||
| 856 | 4 | 0 |
_3Amazon.com _uhttp://www.amazon.com/exec/obidos/ASIN/0074622323/chopaconline-20 |
| 942 |
_aNBS _cBK _k658.3 MAH |
||
| 999 |
_c346768 _d346768 |
||